000 00532nam a2200181 i 4500
001 30416
003 ES-MaACL
005 20250722063141.0
007 t|
008 030124s1896 sp ||||1| spa d
100 1 _aBarthe et Barthe, André
_926111
245 1 3 _aLe salaire des ouvriers en Espagne /
_cAndré Barthe et Barthe.
260 _aMadrid :
_b[s.n.],
_c1896 (
_fRichard Fé)
300 _a[63] p. ;
_c22 cm.
650 0 4 _aSalarios-
_zEspaña.
_916968
852 _aES-MaACL
_jT-920-F-2
999 _c30416
_d30416